| 000 | 00478nam a2200145 4500 | ||
|---|---|---|---|
| 999 |
_c16125 _d16125 |
||
| 008 | 210422b ||||| |||| 00| 0 eng d | ||
| 022 | _a1559-663X | ||
| 082 | _aDPer 420.705 En36 c2006-2008 | ||
| 100 |
_aJohnson, Kitty. _943175 |
||
| 245 |
_aQuilting with language/ _cKitty Johnson. |
||
| 260 |
_aWashington, D.C. : _bEnglish Teaching Forum, _cc2006-2008. |
||
| 300 |
_av44 n3, pages 46-56: _billustrations; _c27 cm. |
||
| 650 |
_aQuilting _943201 _xLanguage. |
||
| 942 |
_2ddc _cPER |
||